Бородино (Запись № 13684129)
[ простой вид ]
| 000 -МАРКЕР | |
|---|---|
| контрольное поле | 02176nam0a2200397 4500 |
| 001 - ИДЕНТИФИКАТОР ЗАПИСИ | |
| контрольное поле | RU\NLR\BIBL_A\022619921 |
| 005 - ИДЕНТИФИКАТОР ВЕРСИИ | |
| контрольное поле | 20260420053230.0 |
| 010 ## - МЕЖДУНАРОДНЫЙ СТАНДАРТНЫЙ НОМЕР КНИГИ (ISBN) | |
| Номер (ISBN) | 978-5-392-42729-1 |
| Тираж | 5000 |
| 021 ## - НОМЕР ГОСУДАРСТВЕННОЙ РЕГИСТРАЦИИ | |
| Код страны | Российская Федерация |
| Номер | КН-П-25-043858 |
| Номер Листа государственной регистраци | КН-П-25-4268 |
| 035 ## - ДРУГИЕ СИСТЕМНЫЕ НОМЕРА | |
| Идентификатор записи | (NLR Aleph) 022619921 |
| 100 ## - ДАННЫЕ ОБЩЕЙ ОБРАБОТКИ | |
| Данные общей обработки | 20250911d2025 u y0rusy50 ca |
| 101 0# - ЯЗЫК РЕСУРСА | |
| Язык текста, звукозаписи и т.д. | русский |
| 102 ## - СТРАНА ПУБЛИКАЦИИ ИЛИ ПРОИЗВОДСТВА | |
| Страна публикации | Российская Федерация |
| 105 ## - ПОЛЕ КОДИРОВАННЫХ ДАННЫХ: ТЕКСТОВЫЕ МАТЕРИАЛЫ, МОНОГРАФИЧЕСКИЕ | |
| Кодированные данные о монографическом текстовом документе | ac||z|||000gy |
| 181 #0 - ПОЛЕ КОДИРОВАННЫХ ДАННЫХ: ВИД СОДЕРЖАНИЯ | |
| Код вида содержания (ISBD) | i2 |
| Код характеристики содержания (ISBD) | axxe |
| 181 #0 - ПОЛЕ КОДИРОВАННЫХ ДАННЫХ: ВИД СОДЕРЖАНИЯ | |
| Код вида содержания (ISBD) | b2 |
| Код характеристики содержания (ISBD) | xb2e |
| 182 #1 - ПОЛЕ КОДИРОВАННЫХ ДАННЫХ: ТИП СРЕДСТВА | |
| Код типа средства (ISBD) | n - непосредственное |
| 200 1# - ЗАГЛАВИЕ И СВЕДЕНИЯ ОБ ОТВЕТСТВЕННОСТИ | |
| Основное заглавие | Бородино |
| Сведения, относящиеся к заглавию | подробный иллюстрированный комментарий |
| -- | для детей дошкольного и школьного возраста |
| Первые сведения об ответственности | М. Ю. Лермонтов |
| Последующие сведения об ответственности | идея и комментарии: Леонид Рожников |
| -- | иллюстрации [внутренней книги]: В. Г. Шевченко |
| -- | иллюстрации и дизайн [внешней книги]: Наталья Акимова |
| 203 ## - ВИД СОДЕРЖАНИЯ И ТИП СРЕДСТВА | |
| Вид содержания | Текст |
| -- | Изображение |
| Дополнительные сведения об издании | визуальные |
| Тип средства | непосредственные |
| 210 ## - ПУБЛИКАЦИЯ, РАСПРОСТРАНЕНИЕ И ДР. | |
| Место издания, распространения и т.д. | Москва |
| Имя издателя, распространителя и т. д. | Проспект |
| Дата издания, распространения и т.д. | 2025 |
| 215 ## - ФИЗИЧЕСКАЯ ХАРАКТЕРИСТИКА | |
| Специфическое обозначение материала и объем | 47 с. |
| Другие сведения о физической характеристике | цв. ил., портр. |
| Размеры | 26 |
| 225 1# - СЕРИЯ | |
| Основное заглавие серии | Книга в книге |
| 333 ## - ПРИМЕЧАНИЯ ОБ ОСОБЕННОСТЯХ РАСПРОСТРАНЕНИЯ И ИСПОЛЬЗОВАНИЯ | |
| Текст примечания | 6+ |
| 604 ## - ИМЯ И ЗАГЛАВИЕ КАК ПРЕДМЕТ | |
| Связываемые данные | 700#1$aЛермонтов$bМ.Ю.$gМихаил Юрьевич$f1814 - 1841 |
| -- | 500##$a"Бородино"$jКомментарии$2nlr_sh1$2nlr_sh2$3RU\NLR\AUTH\66673019 |
| Имя лица | Лермонтов, Михаил Юрьевич (1814 - 1841) |
| Заглавие | "Бородино" |
| Формальный подзаголовок | Комментарии |
| Системный номер авторитетной/нормативной записи | 1542770 |
| Идентификатор авторитетной/нормативной записи | RU\NLR\AUTH\66673019 |
| 686 0# - ИНДЕКСЫ ДРУГИХ КЛАССИФИКАЦИЙ | |
| Индекс | Ш9 |
| Книжный номер | Ш5(2=Р)51-4Лермонтов |
| 686 2# - ИНДЕКСЫ ДРУГИХ КЛАССИФИКАЦИЙ | |
| Индекс | Ш5(2=Р)51-4Лермонтов535 |
| 700 #1 - ИМЯ ЛИЦА - ПЕРВИЧНАЯ ОТВЕТСТВЕННОСТЬ | |
| Графика поля | Кириллица |
| Материалы, к которым относится поле | rus |
| Начальный элемент ввода | Лермонтов |
| Часть имени, кроме начального элемента ввода | М. Ю. |
| Дополнения к именам, кроме дат | поэт |
| Даты | 1814-1841 |
| Расширение инициалов личного имени | Михаил Юрьевич |
| Системный номер авторитетной/нормативной записи | 110383 |
| Идентификатор авторитетной/нормативной записи | RU\NLR\AUTH\77328 |
| 702 #1 - ИМЯ ЛИЦА - ВТОРИЧНАЯ ОТВЕТСТВЕННОСТЬ | |
| Код отношения | Карикатурист, Художник |
| Графика поля | Кириллица |
| Материалы, к которым относится поле | rus |
| Начальный элемент ввода | Шевченко |
| Часть имени, кроме начального элемента ввода | В. Г. |
| Дополнения к именам, кроме дат | художник |
| Даты | 1922-2008 |
| Расширение инициалов личного имени | Владимир Гаврилович |
| Системный номер авторитетной/нормативной записи | 89454 |
| Идентификатор авторитетной/нормативной записи | RU\NLR\AUTH\77106529 |
| 702 #1 - ИМЯ ЛИЦА - ВТОРИЧНАЯ ОТВЕТСТВЕННОСТЬ | |
| Начальный элемент ввода | Акимова |
| Часть имени, кроме начального элемента ввода | Н. |
| Расширение инициалов личного имени | Наталья |
| Код отношения | Карикатурист, Художник |
| 942 ## - ДОПОЛНИТЕЛЬНЫЕ ЭЛЕМЕНТЫ ЗАПИСИ (АБИС) | |
| Тип экземпляра АБИС | Книга |
| 980 ## - КОЛЛЕКЦИЯ | |
| Название коллекции | Национальная библиография |
Нет доступных экземпляров.